|
|
|
|
| LEADER |
01006cas a2200205 a 4500 |
| 001 |
AALejournalJSTOR002421 |
| 008 |
230228c9999 xx r poo 0 0eng d |
| 022 |
|
|
|a 0067-0464
|
| 040 |
|
|
|a BD-DhAAL
|c BD-DhAAL
|
| 245 |
0 |
0 |
|h [electronic resource]
|a Records of the Auckland Institute and Museum
|
| 260 |
|
|
|b Auckland War Memorial Museum
|
| 300 |
|
|
|a 1 online resource
|
| 362 |
0 |
|
|a Vol. 1,
|a no. 1
|
| 500 |
|
|
|a <strong>Off-Campus Access:</strong> Athens ID and Password Required
|
| 500 |
|
|
|a <strong>On-Campus Access:</strong> No User ID or Password Required
|
| 506 |
|
|
|a Electronic access restricted to authorized BRAC University faculty, staff and students
|
| 538 |
|
|
|a Mode of access: Internet
|
| 650 |
|
4 |
|a Ecology & Evolutionary Biology ; Science & Mathematics
|
| 856 |
4 |
0 |
|z Full text available on JSTOR[1930-06-30 - 1997-01-01]
|u https://www.jstor.org/journal/recaucinsmus
|
| 856 |
4 |
0 |
|z Off-campus access
|u https://go.openathens.net/redirector/bracu.ac.bd?url=https%3A%2F%2Fwww.jstor.org%2Fjournal%2Frecaucinsmus
|